[Event "Berlin-ch Class-D2"]
[Site "Berlin"]
[Date "2009.05.24"]
[Round "7"]
[White "Kuschela, Michel"]
[Black "Fartmann, Oliver"]
[Result "0-1"]
[WhiteElo "1266"]
[BlackElo "1425"]
[PlyCount "116"]
[EventDate "2009.05.20"]
[EventType "tourn"]
[EventRounds "7"]
[EventCountry "GER"]
[SourceTitle "EXT 2012"]
[Source "ChessBase"]
[SourceDate "2011.11.24"]
[SourceVersion "1"]
[SourceVersionDate "2011.11.24"]
[SourceQuality "1"]

1. e4 c6 2. d4 d5 3. exd5 cxd5 4. Nf3 Nf6 5. c4 e6 6. cxd5 Nxd5 7. Nc3 Nc6 8. g3 Nxc3 9. bxc3 Bd6 10. Bg2 Qc7 11. 0-0 0-0 12. c4 b6 13. Bb2 Bb7 14. d5 exd5 15. cxd5 Ne7 16. Rc1 Qd7 17. Qd4 f6 18. Ne1 Be5 19. Qc4 Bxd5 20. Bxd5+ Qxd5 21. Bxe5 Qxc4 22. Rxc4 fxe5 23. Nd3 Ng6 24. Re1 Rae8 25. Rce4 Rf7 26. Nxe5 Rfe7 27. f4 Nxe5 28. Rxe5 Rxe5 29. fxe5 Kf7 30. Kf2 Kg6 31. g4 Kf7 32. h4 g6 33. g5 Ke6 34. Rc1 Re7 35. Kf3 Kf5 36. Kg3 Kxe5 37. Kg4 Kd6 38. Rf1 Re4+ 39. Kg3 b5 40. Rf7 Re7 41. Rf6+ Ke5 42. Kg4 a5 43. Rf4 a4 44. h5 Kd5 45. hxg6 hxg6 46. Rf6 Re6 47. Rf7 Kc5 48. Kg3 Rb6 49. Kf4 b4 50. Ra7 Kb5 51. Ke4 b3 52. axb3 axb3 53. Ra1 b2 54. Rb1 Kc4 55. Ke5 Kc3 56. Rf1 b1Q 57. Rxb1 Rxb1 58. Kf6 Rb6+ 0-1